Govt. of
Madhya Pradesh

THE ART OF LIVING (Record no. 67689)

MARC details
000 -LEADER
fixed length control field 00264nam a22001097a 4500
082 ## - DEWEY DECIMAL CLASSIFICATION NUMBER
Classification number 080/PEA
100 ## - MAIN ENTRY--AUTHOR NAME
Personal name Peale,Norman Vincent
245 ## - TITLE STATEMENT
Title THE ART OF LIVING
260 ## - PUBLICATION, DISTRIBUTION, ETC. (IMPRINT)
Place of publication Mumbai
Name of publisher JaicoPublishing House
Year of publication 2018
650 ## - SUBJECT ADDED ENTRY--TOPICAL TERM
Topical Term General Collection
942 ## - ADDED ENTRY ELEMENTS (KOHA)
Koha item type Books
Holdings
Withdrawn status Lost status Damaged status Not for loan Home library Current library Date acquired Cost, normal purchase price Full call number Accession Number Price effective from Koha item type
        MACL MACL 24/10/2024 299.00 080/PEA DPI003020 24/10/2024 Books